00400nam a2200085Ia 4500008004100000245013900041260000900180300010500189650002000294180130s9999 xx 000 0 und d cQuan, Zhou; Chunming, Tang; Zianghan, Zhen; Chunming, RongaA secure user authentication protocol for sensor network in data capturing c2016 aBook title: Networking, models and methods of cloud computing--Acession number C20732; pages 195-206 aCLOUD COMPUTING